Introducción al problema de la individuación en la alta edad media

Salvato in:
Dettagli Bibliografici
Autore principale: Gracia, Jorge J. E (Autore)
Natura: Libro
Lingua:spagnolo
Pubblicazione: Ciudad de México Universidad Nacional Autónoma de México 1987
Serie:Colección Estudios Clásicos
Soggetti:
Tags: Aggiungi Tag
Nessun Tag, puoi essere il primo ad aggiungerne!!

MARC

LEADER 00000nam a2200000 a 4500
001 UCU5768
003 CL-VaPUC
008 960614e19870000MX |||||||||||||||||spa|d
082 0 4 |a 155.2  |b GRA  |2 21 
100 |a Gracia, Jorge J. E  |e author  |9 441916 
245 1 0 |a Introducción al problema de la individuación en la alta edad media 
300 |a 380 p 
942 |c BK 
945 |d 19960614 00:00:00  |a rbrito 
260 |a Ciudad de México  |b Universidad Nacional Autónoma de México  |c 1987 
650 0 |a Individualismo  |9 313336 
650 0 |a Psicología individual  |9 309049 
650 0 |a Edad media  |9 258041 
650 0 |a Escuelas filosóficas   |9 266232 
650 0 |a Filosofía   |9 223554 
650 0 |a Ontología   |9 256850 
583 |a last modification  |c 19960614 00:00:00  |k Rodrigo Vera 
490 0 |a Colección Estudios Clásicos 
999 |c 248957  |d 248955 
952 |0 0  |1 0  |4 0  |6 155_200000000000000_GRA_1987  |7 0  |8 A  |9 265922  |a BIBEDU  |b BIBEDU  |d 2019-11-19  |i 3201309  |l 1  |o 155.2 GRA 1987  |p 3201309  |r 2023-10-20  |s 2023-10-16  |w 2019-11-19  |y BK  |k PSI